| 000 | 00531nam a22001577a 4500 | ||
|---|---|---|---|
| 005 | 20231102164554.0 | ||
| 008 | 231102b |||||||| |||| 00| 0 eng d | ||
| 020 | _a978-1-78415-112-6 | ||
| 082 |
_a658.4 _bCIM |
||
| 245 |
_aCIMA Paper C05 Fundamentals of ethics, corporate governance and business law : _bStudy Text ( Certificate in Business Accounting) / _cChartered Institute of Management Accountants |
||
| 260 |
_aUK: _bKaplan, _c2014 |
||
| 300 | _a564 | ||
| 500 | _aIndex Given. | ||
| 650 | _aBusiness Accounting | ||
| 999 |
_c34666 _d34666 |
||